| 000 -LEADER |
| fixed length control field |
00936cam a2200289 i 4500 |
| 001 - CONTROL NUMBER |
| control field |
80010770 |
| 003 - CONTROL NUMBER IDENTIFIER |
| control field |
OSt |
| 005 - DATE AND TIME OF LATEST TRANSACTION |
| control field |
20190805150436.0 |
| 008 - FIXED-LENGTH DATA ELEMENTS--GENERAL INFORMATION |
| fixed length control field |
800131s1980 nyua b 00110 eng |
| 020 ## - INTERNATIONAL STANDARD BOOK NUMBER |
| International Standard Book Number |
9780393950755 |
| 020 ## - INTERNATIONAL STANDARD BOOK NUMBER |
| International Standard Book Number |
0393950751 (pbk.) |
| 040 ## - CATALOGING SOURCE |
| Original cataloging agency |
DLC |
| Transcribing agency |
DLC |
| Modifying agency |
DLC |
| 082 ## - DEWEY DECIMAL CLASSIFICATION NUMBER |
| Classification number |
572.8 WAT |
| 100 10 - MAIN ENTRY--PERSONAL NAME |
| Personal name |
Watson, James D., |
| Dates associated with a name |
1928- |
| Relator term |
author |
| 245 14 - TITLE STATEMENT |
| Title |
The double helix : |
| Remainder of title |
a personal account of the discovery of the structure of DNA / |
| Statement of responsibility, etc. |
James D. Watson ; edited by Gunther S. Stent. |
| 250 ## - EDITION STATEMENT |
| Edition statement |
1st ed. |
| 260 0# - PUBLICATION, DISTRIBUTION, ETC. |
| Place of publication, distribution, etc. |
New York : |
| Name of publisher, distributor, etc. |
Norton, |
| Date of publication, distribution, etc. |
c1980. |
| 300 ## - PHYSICAL DESCRIPTION |
| Extent |
xxv, 298 p. : |
| Other physical details |
ill. ; |
| Dimensions |
21 cm. |
| 490 0# - SERIES STATEMENT |
| Series statement |
A Norton critical edition. |
| 504 ## - BIBLIOGRAPHY, ETC. NOTE |
| Bibliography, etc. note |
Includes bibliographies and index. |
| 600 10 - SUBJECT ADDED ENTRY--PERSONAL NAME |
| Personal name |
Watson, James D., |
| Dates associated with a name |
1928- . |
| Title of a work |
Double Helix |
| General subdivision |
Reviews. |
| 650 #0 - SUBJECT ADDED ENTRY--TOPICAL TERM |
| Topical term or geographic name entry element |
DNA. |
| 650 #0 - SUBJECT ADDED ENTRY--TOPICAL TERM |
| Topical term or geographic name entry element |
Genetic code. |
| 650 #0 - SUBJECT ADDED ENTRY--TOPICAL TERM |
| Topical term or geographic name entry element |
Molecular biology |
| General subdivision |
History. |
| 700 10 - ADDED ENTRY--PERSONAL NAME |
| Personal name |
Stent, Gunther Siegmund, |
| Dates associated with a name |
1924- |
| Relator term |
Editor |
| 942 ## - ADDED ENTRY ELEMENTS (KOHA) |
| Source of classification or shelving scheme |
|
| Koha item type |
Books - Non Ficton |